LEADER 00993nam a2200253 i 4500 001 000000072191 003 CaOOAMICUS 005 20090219000000.0 008 090219s1980 gw u000 u ger u 013 $a43363 020 $a3497009377 040 $aSeMil$bita 100 1 $aWagner, Hans <1917- >.$0(OLS)http://semarc/name/34741 245 10$aPhilosophie und Reflexion /$cvon Hans Wagner. 250 $a3. unveränd. Aufl. 260 $aMünchen ; Basel :$bE. Reinhardt,$c1980. 300 $a422 p. ;$c24 cm. 650 4$aRiflessione .$0(OLS)http://semarc/subject/14535 650 4$aConoscenza - Filosofia.$0(OLS)http://semarc/subject/1877 850 $aSeMil 852 $aSeMil$W1$xVenegono$y1$m2P V 424$j38344$B38344$CSeMilBibl$Z2$F38347 $81 996 $6020$a3497009377$9(OLS)http://semarc/number/51441 996 $6245$aPhilosophie und Reflexion$9(OLS)http://semarc/title/116321 996 $6260$aMünchen ; Basel :$bE. Reinhardt$9(OLS)http://semarc/publisher/35685 LEADER 01635nam a2200229 i 4500 001 000000163107 003 CaOOAMICUS 005 20090127000000.0 008 090127s1586 it u000 u lat u 013 $a140471 040 $aSeMil$bita 245 10$aCaroli Borromaei S.R.E. Presbyteri Card. Archiepiscopi Mediolani Epistolarum libri II a Joanne Botero Benensi eius nomine scriptarum ; Eiusdem Epistula singularis ad Antonium Carraffam S.R.E. Cardinalem. 260 $aMilano :$bapud Bernardinum Zanolum et Joannem Baptistam Colonium,$c1586 ; Ed. : apud Caesarem et Joannem Franciscum. 260 $a[S.l.] :$bapud Caesarem et Joannem Franciscum Besutios fratres,$c1586 ; Ed. : apud Caesarem et Joannem Franciscum. 300 $aBesutios fratres. - 7 x 11,5 ;$cpp. 262 ;$crom. 500 $aDescrizione da : Incunaboli e Cinquecentine della Biblioteca del Seminario di Milano / catalogo a cura di Ubaldo Valentini, Milano 1981. - Numero di catalogo : 273. 700 1 $aBotero, Giovanni,$d<1540-1617>.$0(OLS)http://semarc/name/11174 850 $aSeMil 852 $aSeMil$W1$xVenegono$y1$mFV.B I 17 ^$j114423$B114423$CSeMilBibl$Z2$F125245 $86 996 $6245$aCaroli Borromaei S.R.E. Presbyteri Card. Archiepiscopi Mediolani Epistolarum libri II a Joanne Botero Benensi eius nomine scriptarum ; Eiusdem Epistula singularis ad Antonium Carraffam S.R.E. Cardinalem$9(OLS)http://semarc/title/232710 996 $6260$a[S.l.] :$bapud Caesarem et Joannem Franciscum Besutios fratres$9(OLS)http://semarc/publisher/48468 996 $6260$aMilano :$bapud Bernardinum Zanolum et Joannem Baptistam Colonium$9(OLS)http://semarc/publisher/48469